NPB プロ野球 日米通算2000本安打達成者 - Statistics

General Stats
  • This quiz has been taken 1,901 times
    459 since last reset
  • The average score is 33 of 69
Answer Stats
通算本数 NPB MLB 達成年 所属球団 氏名 % Correct
4367 1278 3089 2004 SEA イチロー
98%
2447 2447 2020 読売 坂本勇人
87%
2786 2786 1974 読売 王貞治
86%
2901 2901 1970 南海 野村克也
84%
3085 3085 1972 東映 張本勲
82%
2643 1390 1253 2007 NYY 松井秀喜
82%
2705 2090 615 2009 HOU 松井稼頭央
80%
2471 2471 1971 読売 長嶋茂雄
78%
2067 2067 2023 中日 大島洋平
77%
2043 2043 2025 東北楽天 浅村栄斗
77%
2371 2371 1995 読売 落合博満
74%
2020 2020 2005 広島 野村謙二郎
73%
2150 2150 2021 埼玉西武 栗山巧
70%
2204 2204 1990 日本ハム 大島康徳
69%
2730 1956 774 2017 HOU 青木宣親
68%
2000 2000 2018 千葉ロッテ 福浦和也
67%
2539 2539 2008 阪神 金本知憲
66%
2106 2101 5 2013 横浜DeNA 中村紀洋
65%
2103 2017 86 2012 横浜DeNA アレックス・ラミレス
65%
2203 2203 2016 広島 新井貴浩
62%
2186 2186 2018 福岡ソフトバンク 内川聖一
62%
2339 2339 1984 広島 山本浩二
60%
2450 1952 498 2016 阪神 福留孝介
59%
2045 2045 2017 中日 荒木雅博
58%
2543 2543 1983 広島 衣笠祥雄
57%
2099 2099 2017 阪神 鳥谷敬
57%
2543 2543 1983 阪急 福本豊
55%
2132 2132 2017 読売 阿部慎之助
55%
2038 2038 1992 近鉄 新井宏昌
55%
2254 1760 494 2013 千葉ロッテ 井口資仁
54%
2480 2480 2003 中日 立浪和義
52%
2157 2157 2000 福岡ダイエー 秋山幸二
52%
2097 2097 2005 ヤクルト 古田敦也
51%
2050 2050 2015 中日 和田一浩
51%
2566 2566 1987 南海 門田博光
50%
2167 2167 2012 北海道日本ハム 稲葉篤紀
50%
2012 2012 2007 北海道日本ハム 田中幸雄
49%
2432 2432 2006 横浜 石井琢朗
47%
2119 2119 2007 広島 前田智徳
46%
2122 2122 2004 読売 清原和博
45%
2041 2041 2012 福岡ソフトバンク 小久保裕紀
45%
2148 215 1933 2013 東北楽天 アンドリュー・ジョーンズ
44%
2120 2120 2011 読売 小笠原道大
44%
2108 2108 2013 中日 谷繁元信
44%
2053 114 1939 2020 オリックス アダム・ジョーンズ
44%
2133 2133 2012 東京ヤクルト 宮本慎也
42%
2351 2351 1956 読売 川上哲治
40%
2006 1001 1005 2020 横浜DeNA ホセ・ロペス
33%
2006 2006 2000 横浜 駒田徳広
28%
2055 951 1104 1990 読売 ウォーレン・クロマティ
26%
2173 2173 1985 ヤクルト 若松勉
24%
2081 2081 1983 西武 山崎裕之
23%
2872 286 2586 1995 千葉ロッテ フリオ・フランコ
22%
2274 2274 1975 中日 高木守道
22%
2097 2 2095 2013 NYY アルフォンソ・ソリアーノ
22%
2228 2228 1981 ヤクルト 大杉勝男
21%
2064 2064 1983 阪神 藤田平
19%
2062 2062 1985 中日 谷沢健一
19%
2314 2314 1968 東京 榎本喜八
18%
2452 2452 1977 クラウンライター 土井正博
17%
2157 2157 1972 南海 広瀬叔功
17%
2057 2057 1975 太平洋クラブ 江藤慎一
17%
2271 2271 1965 阪神 山内一弘
16%
2055 2055 1987 南海 加藤秀司
14%
2018 2018 1980 読売 柴田勲
14%
2095 2095 1980 大洋 松原誠
11%
2151 348 1803 1981 読売 ロイ・ホワイト
4%
2016 227 1789 1990 阪神 ラリー・パリッシュ
3%
2035 258 1777 1976 太平洋クラブ マティ・アルー
2%
No matching quizzes found
Score Distribution
Percent of People with Each Score
Percentile by Number Answered
Your Score History
You have not taken this quiz since the last reset